000 00417nam a2200145 a 4500
001 000002441
005 20200929150209.0
008 090702s2004 sp a 000 0 spa d
020 _a8489384495
040 _aDO-SdBNP
_bspa
_cBNPHU
082 _axxx
_bD542l
245 0 0 _aDías de libros :
_bantología de humor gráfico y lectura 1978-2003.
260 _aMadrid :
_bEurocolor,
_c2004.
300 _a166 p. :
_bil. ;
_c22 cm.
999 _c2277
_d2277